Vista normal
Vista MARC
Entrada Personal Name
Número de registros utilizados en: 4
001 - CONTROL NUMBER
- control field: 10069
003 - CONTROL NUMBER IDENTIFIER
- control field: DLC
005 - DATE AND TIME OF LATEST TRANSACTION
- control field: 20210420141457.0
008 - FIXED-LENGTH DATA ELEMENTS
- fixed length control field: 030731n| acannaabn |a aaa c
010 ## - LIBRARY OF CONGRESS CONTROL NUMBER
- LC control number: no2003076758
035 ## - SYSTEM CONTROL NUMBER
- System control number: (OCoLC)oca06115436
040 ## - CATALOGING SOURCE
- Original cataloging agency: ICIU
- Language of cataloging: spa
- Transcribing agency: Mx-PuUPA
- Modifying agency: Mx-PuUPA
- Description conventions: rda
100 1# - HEADING--PERSONAL NAME
- Personal name: Gómez de Ferraris, María Elsa,
372 ## - FIELD OF ACTIVITY
- Field of activity: Odontología
- Field of activity: Histología y Embriología Bucodental
373 ## - ASSOCIATED GROUP
- Associated group: Universidad Nacional de Córdoba. Argentina
- Associated group: Banco Nacional de Evaluadores del Ministerio de Cultura y Educación de la Nación Argentina
- Associated group: Departamento de Biología Bucal
374 ## - OCCUPATION
- Occupation: Autora
- Occupation: Odontologa
- Occupation: Catedrática
- Occupation: Directora
375 ## - GENDER
- Gender: mujer
377 ## - ASSOCIATED LANGUAGE
- Language code: spa
400 1# - SEE FROM TRACING--PERSONAL NAME
- Personal name: De Ferraris, María Elsa Gómez
400 1# - SEE FROM TRACING--PERSONAL NAME
- Personal name: Ferraris, María Elsa Gómez de
400 1# - SEE FROM TRACING--PERSONAL NAME
- Personal name: Gómez de Ferraris, Mª E.
670 ## - SOURCE DATA FOUND
- Source citation: Histología y embriología bucodental, c2000:
- Information found: t.p. (María Elsa Gómez de Ferraris)
670 ## - SOURCE DATA FOUND
- Source citation: WorldCat Identities, sitio web, 08 agosto 2019;
- Information found: María Elsa Gómez de Ferraris (Doctora en Odontología. Catedrática Emérita de Histología y Embriología de la Universidad Nacional de Córdoba. Argentina. Directora de Carrera del Doctorado en Odontología. Profesora Dictante de las Carreras de Especialidades Acreditadas por CONEAU en la Escuela de Posgrado. Miembro del Banco Nacional de Evaluadores del Ministerio de Cultura y Educación de la Nación Argentina. Vice-Decana de Facultad Odontología de la Universidad Nacional de Córdoba (2008-2015). Académica Honorífica de la Academia Nacional de Odontología. Argentina y de la Real. Academia de Medicina y Cirugía de Granada. España.